000 00585nam a2200217Ia 4500
005 20260429112113.0
008 260429s9999||||xx |||||||||||||| ||und||
020 _a9781394173051
041 _aEnglish
082 _a670
_bKOH
100 _aKohser, Ronald A.
245 0 _aDeGarmo's materials and processes in manufacturing /
_cRonald A. Kohser
250 _a14th ed.
260 _aNew Jersey :
_bWiley,
_c2025.
300 _axvi, 950 p.; hb
650 _a Manufacturing
650 _aMaterial science
700 _a Black, J. T.
700 _a Collins, Peter
942 _cTB
999 _c52371
_d52371